000 00845nas a2200253 4500
001 BR8102666
003 BR-BrBNA
005 20231205084720.0
007 ta
008 230509b bl.|||p| |||| 00| 00por d
040 _aBR-BrBNA
_bpor
_cBiblioteca Nacional de Agricultura
041 _a(Pt)
072 _aH20
100 1 _aAlmeida, A.M.R.
245 1 _aAvaliacao do efeito curativo e preventivo de fungicidas em soja (Glycine max (L.)Merril)[Brasil]
246 1 _aCurative and preventive effects of fungicides on soybean diseases [Brazil]
650 _aDoenca de planta
650 _aSoja
650 _aFungicida sistemico
650 _aControle quimico
773 0 _tFitopatologia Brasileira (Brazil)
_xISSN 0100-4158
_g(Jun 1981), v. 6(2) p. 173-178
_wBR8102666
909 _a202311
_bLúcia
_c55
_dLúcia Elande
942 _2AGRIS
_n0
_cANA
999 _c106832
_d106832